A Textbook of Production Engineering / (Record no. 48215)
[ view plain ]
| 000 -LEADER | |
|---|---|
| fixed length control field | 00416nam a22001577a 4500 |
| 005 - DATE AND TIME OF LATEST TRANSACTION | |
| control field | 20211230145659.0 |
| 008 - FIXED-LENGTH DATA ELEMENTS--GENERAL INFORMATION | |
| fixed length control field | 170112b xxu||||| |||| 00| 0 eng d |
| 020 ## - INTERNATIONAL STANDARD BOOK NUMBER | |
| International Standard Book Number | 8121901111 |
| 040 ## - CATALOGING SOURCE | |
| Transcribing agency | c |
| 082 ## - DEWEY DECIMAL CLASSIFICATION NUMBER | |
| Classification number | 621.9 |
| Author Mark | SHA |
| 100 ## - MAIN ENTRY--PERSONAL NAME | |
| Personal name | Sharma, P.C. |
| 9 (RLIN) | 87160 |
| 245 ## - TITLE STATEMENT | |
| Title | A Textbook of Production Engineering / |
| Statement of responsibility, etc. | P.C. Sharma |
| 260 ## - PUBLICATION, DISTRIBUTION, ETC. | |
| Place of publication, distribution, etc. | New Delhi : |
| Name of publisher, distributor, etc. | S. Chand, |
| Date of publication, distribution, etc. | 2009. |
| 300 ## - PHYSICAL DESCRIPTION | |
| Extent | 983 p. ; |
| Dimensions | 24 cm. |
| 942 ## - ADDED ENTRY ELEMENTS (KOHA) | |
| Source of classification or shelving scheme | |
| Koha item type | Book |
| Withdrawn status | Lost status | Source of classification or shelving scheme | Damaged status | Not for loan | Permanent Location | Current Location | Shelving location | Date acquired | Full call number | Barcode | Date last seen | Price effective from | Koha item type |
|---|---|---|---|---|---|---|---|---|---|---|---|---|---|
| School of Mechanical & Manufacturing Engineering (SMME) | School of Mechanical & Manufacturing Engineering (SMME) | Text Books | 01/12/2017 | 621.9 SHA | SMME-549 | 03/28/2018 | 01/12/2017 | Book |
